| 000 | 004250000a22001570004500 | ||
|---|---|---|---|
| 090 |
_aAR _b01840 |
||
| 245 | 1 | 0 | _aEcología: segundo curso de biología |
| 650 | 1 | 4 |
_aProgramas académicos _995304 |
| 650 | 1 | 4 |
_aEcología _992250 |
| 650 | 1 | 4 |
_aBiología _992 |
| 650 | 1 | 4 |
_aGradientes de diversidad _995305 |
| 041 | 0 | _aEspañol | |
| 100 | 1 |
_aHoffman, Forrest M. _992960 |
|
| 942 | _cARTICULO | ||
| 773 | 1 |
_tPreprint _33 _q1-13 _d1997? |
|
| 999 |
_c10917 _d10917 |
||